Top XIs: England (1976-2023) - Statistics

General Stats
  • This quiz has been taken 2,814 times
    2,690 since last reset
  • The average score is 266 of 500
Answer Stats
Hint Position Answer % Correct
2015 ST Harry Kane
96%
2017 ST Harry Kane
96%
2018 ST Harry Kane
96%
2018/19 (LN) ST Harry Kane
96%
2019 ST Harry Kane
96%
2020 ST Harry Kane
96%
2021 (EURO) ST Harry Kane
96%
2021 ST Harry Kane
96%
2022/23 (LN) ST Harry Kane
96%
2022 (WC) ST Harry Kane
96%
2004 ST Wayne Rooney
90%
2005 ST Wayne Rooney
90%
2008 ST Wayne Rooney
90%
2009 ST Wayne Rooney
90%
2010 ST Wayne Rooney
90%
2011 ST Wayne Rooney
90%
2013 ST Wayne Rooney
90%
2014 ST Wayne Rooney
90%
2015 ST Wayne Rooney
90%
2016 ST Wayne Rooney
90%
2003 MF Frank Lampard
89%
2004 MF Frank Lampard
89%
2005 MF Frank Lampard
89%
2006 MF Frank Lampard
89%
2007 MF Frank Lampard
89%
2008 MF Frank Lampard
89%
2009 MF Frank Lampard
89%
2010 MF Frank Lampard
89%
2011 MF Frank Lampard
89%
2013 MF Frank Lampard
89%
2017 DF John Stones
89%
2018 DF John Stones
89%
2018/19 (LN) DF John Stones
89%
2021 (EURO) DF John Stones
89%
2021 DF John Stones
89%
2022/23 (LN) DF John Stones
89%
2022 (WC) DF John Stones
89%
2001 MF Steven Gerrard
89%
2003 MF Steven Gerrard
89%
2004 MF Steven Gerrard
89%
2005 MF Steven Gerrard
89%
2006 MF Steven Gerrard
89%
2007 MF Steven Gerrard
89%
2008 MF Steven Gerrard
89%
2009 MF Steven Gerrard
89%
2010 MF Steven Gerrard
89%
2012 MF Steven Gerrard
89%
2013 MF Steven Gerrard
89%
2014 MF Steven Gerrard
89%
2018 DF Harry Maguire
88%
2018/19 (LN) DF Harry Maguire
88%
2019 DF Harry Maguire
88%
2020 DF Harry Maguire
88%
2021 (EURO) DF Harry Maguire
88%
2022/23 (LN) DF Harry Maguire
88%
2022 (WC) DF Harry Maguire
88%
1997 MF David Beckham
86%
1999 MF David Beckham
86%
2000 MF David Beckham
86%
2001 MF David Beckham
86%
2002 MF David Beckham
86%
2003 MF David Beckham
86%
2004 MF David Beckham
86%
2005 MF David Beckham
86%
2006 MF David Beckham
86%
1998 MF Paul Scholes
85%
1999 MF Paul Scholes
85%
2000 MF Paul Scholes
85%
2001 MF Paul Scholes
85%
2002 MF Paul Scholes
85%
2003 MF Paul Scholes
85%
2004 MF Paul Scholes
85%
2003 DF John Terry
83%
2004 DF John Terry
83%
2005 DF John Terry
83%
2006 DF John Terry
83%
2007 DF John Terry
83%
2008 DF John Terry
83%
2009 DF John Terry
83%
2010 DF John Terry
83%
2011 DF John Terry
83%
2012 DF John Terry
83%
2014 MF Raheem Sterling
83%
2015 MF Raheem Sterling
83%
2016 MF Raheem Sterling
83%
2018 MF Raheem Sterling
83%
2018/19 (LN) MF Raheem Sterling
83%
2019 MF Raheem Sterling
83%
2021 (EURO) MF Raheem Sterling
83%
2021 MF Raheem Sterling
83%
2022/23 (LN) MF Raheem Sterling
83%
2014 MF Jordan Henderson
82%
2018 MF Jordan Henderson
82%
2018/19 (LN) MF Jordan Henderson
82%
2019 MF Jordan Henderson
82%
2022 (WC) MF Jordan Henderson
82%
2021 (EURO) DF Luke Shaw
82%
2021 DF Luke Shaw
82%
2022 (WC) DF Luke Shaw
82%
2019 MF Declan Rice
80%
2020 MF Declan Rice
80%
2021 (EURO) MF Declan Rice
80%
2022/23 (LN) MF Declan Rice
80%
2022 (WC) MF Declan Rice
80%
1998 ST Michael Owen
80%
2000 ST Michael Owen
80%
2001 ST Michael Owen
80%
2002 ST Michael Owen
80%
2003 ST Michael Owen
80%
2004 ST Michael Owen
80%
2005 ST Michael Owen
80%
2007 ST Michael Owen
80%
2021 MF Phil Foden
80%
2022 (WC) MF Phil Foden
80%
1995 DF Gary Neville
79%
1996 DF Gary Neville
79%
1997 DF Gary Neville
79%
1998 DF Gary Neville
79%
2000 DF Gary Neville
79%
2001 DF Gary Neville
79%
2003 DF Gary Neville
79%
2004 DF Gary Neville
79%
2022/23 (LN) MF Jude Bellingham
79%
2022 (WC) MF Jude Bellingham
79%
1997 DF Phil Neville
79%
1999 DF Phil Neville
79%
2000 DF Phil Neville
79%
1994 ST Alan Shearer
78%
1995 ST Alan Shearer
78%
1996 ST Alan Shearer
78%
1998 ST Alan Shearer
78%
1999 ST Alan Shearer
78%
2000 ST Alan Shearer
78%
2017 ST Marcus Rashford
78%
2018/19 (LN) ST Marcus Rashford
78%
2021 (EURO) MF Bukayo Saka
76%
2022/23 (LN) MF Bukayo Saka
76%
2022 (WC) MF Bukayo Saka
76%
2018 DF Kieran Trippier
74%
2019 DF Kieran Trippier
74%
2020 DF Kieran Trippier
74%
1985 ST Gary Lineker
73%
1986 ST Gary Lineker
73%
1987 ST Gary Lineker
73%
1988 ST Gary Lineker
73%
1989 ST Gary Lineker
73%
1990 ST Gary Lineker
73%
1991 ST Gary Lineker
73%
1992 ST Gary Lineker
73%
1997 DF Sol Campbell
67%
1998 DF Sol Campbell
67%
1999 DF Sol Campbell
67%
2000 DF Sol Campbell
67%
2001 DF Sol Campbell
67%
2002 DF Sol Campbell
67%
2004 DF Sol Campbell
67%
2020 MF Kalvin Phillips
66%
2021 (EURO) MF Kalvin Phillips
66%
2021 MF Kalvin Phillips
66%
2011 DF Gary Cahill
65%
2013 DF Gary Cahill
65%
2014 DF Gary Cahill
65%
2015 DF Gary Cahill
65%
2016 DF Gary Cahill
65%
2017 DF Gary Cahill
65%
2020 MF Jack Grealish
65%
2021 MF Jack Grealish
65%
2006 ST Peter Crouch
65%
2010 MF James Milner
64%
2011 MF James Milner
64%
2012 MF James Milner
64%
2014 ST Daniel Sturridge
63%
2016 ST Daniel Sturridge
63%
2016 MF Dele Alli
62%
2017 MF Dele Alli
62%
2018 MF Dele Alli
62%
1995 ST Teddy Sheringham
62%
1996 ST Teddy Sheringham
62%
1997 ST Teddy Sheringham
62%
1987 DF Tony Adams
62%
1988 DF Tony Adams
62%
1993 DF Tony Adams
62%
1994 DF Tony Adams
62%
1995 DF Tony Adams
62%
1996 DF Tony Adams
62%
1998 DF Tony Adams
62%
1999 DF Tony Adams
62%
1988 DF Mark Wright
61%
1990 DF Mark Wright
61%
1991 DF Mark Wright
61%
1994 DF Rob Jones
61%
2009 DF Glen Johnson
60%
2010 DF Glen Johnson
60%
2011 DF Glen Johnson
60%
2012 DF Glen Johnson
60%
2014 DF Glen Johnson
60%
2022/23 (LN) DF Reece James
60%
2021 (EURO) MF Mason Mount
59%
2021 MF Mason Mount
59%
2022/23 (LN) MF Mason Mount
59%
2005 DF Jamie Carragher
57%
2006 DF Jamie Carragher
57%
2008 ST Jermain Defoe
57%
2010 ST Jermain Defoe
57%
2009 MF Michael Carrick
57%
2013 MF Michael Carrick
57%
1990 MF Paul Gascoigne
57%
1996 MF Paul Gascoigne
57%
1997 MF Paul Gascoigne
57%
2016 MF Eric Dier
56%
2017 MF Eric Dier
56%
2018/19 (LN) MF Eric Dier
56%
2020 DF Eric Dier
56%
1991 ST Alan Smith
54%
1992 ST Alan Smith
54%
2012 ST Danny Welbeck
54%
2002 ST Emile Heskey
54%
2003 ST Emile Heskey
54%
2019 MF Jadon Sancho
54%
2020 MF Jadon Sancho
54%
2018 MF Jesse Lingard
54%
2008 MF Theo Walcott
54%
2013 MF Theo Walcott
54%
2011 MF Ashley Young
52%
2012 MF Ashley Young
52%
2018 MF Ashley Young
52%
1983 MF John Barnes
52%
1984 MF John Barnes
52%
1987 MF John Barnes
52%
1988 MF John Barnes
52%
1989 MF John Barnes
52%
1990 MF John Barnes
52%
1991 MF John Barnes
52%
1993 MF John Barnes
52%
1994 MF John Barnes
52%
2002 MF Nicky Butt
52%
1978 MF Peter Barnes
52%
1979 MF Peter Barnes
52%
2015 DF Chris Smalling
51%
2016 DF Chris Smalling
51%
2007 MF Gareth Barry
51%
2008 MF Gareth Barry
51%
2009 MF Gareth Barry
51%
2010 MF Gareth Barry
51%
1993 MF Paul Ince
51%
1994 MF Paul Ince
51%
1996 MF Paul Ince
51%
1997 MF Paul Ince
51%
1998 MF Paul Ince
51%
2000 MF Paul Ince
51%
1995 MF Steve McManaman
51%
1996 MF Steve McManaman
51%
1999 MF Steve McManaman
51%
2013 DF Leighton Baines
50%
2014 DF Leighton Baines
50%
1996 DF Gareth Southgate
49%
1997 DF Gareth Southgate
49%
2018/19 (LN) DF Ben Chilwell
48%
2019 DF Ben Chilwell
48%
1981 MF Bryan Robson
48%
1982 MF Bryan Robson
48%
1984 MF Bryan Robson
48%
1985 MF Bryan Robson
48%
1987 MF Bryan Robson
48%
1988 MF Bryan Robson
48%
1989 MF Bryan Robson
48%
2001 DF Ashley Cole
47%
2002 DF Ashley Cole
47%
2003 DF Ashley Cole
47%
2004 DF Ashley Cole
47%
2005 DF Ashley Cole
47%
2006 DF Ashley Cole
47%
2008 DF Ashley Cole
47%
2009 DF Ashley Cole
47%
2010 DF Ashley Cole
47%
2011 DF Ashley Cole
47%
2012 DF Ashley Cole
47%
2013 DF Ashley Cole
47%
1990 DF Paul Parker
47%
1976 ST Kevin Keegan
46%
1977 ST Kevin Keegan
46%
1978 ST Kevin Keegan
46%
1979 ST Kevin Keegan
46%
1980 ST Kevin Keegan
46%
1981 ST Kevin Keegan
46%
2016 DF Kyle Walker
46%
2017 DF Kyle Walker
46%
2018 DF Kyle Walker
46%
2020 DF Kyle Walker
46%
2021 (EURO) DF Kyle Walker
46%
2021 DF Kyle Walker
46%
2022/23 (LN) DF Kyle Walker
46%
2022 (WC) DF Kyle Walker
46%
2001 DF Rio Ferdinand
46%
2002 DF Rio Ferdinand
46%
2005 DF Rio Ferdinand
46%
2006 DF Rio Ferdinand
46%
2007 DF Rio Ferdinand
46%
2008 DF Rio Ferdinand
46%
2016 DF Danny Rose
45%
2013 DF Phil Jagielka
45%
2014 DF Phil Jagielka
45%
2013 MF Jack Wilshere
44%
1992 DF Martin Keown
44%
1999 DF Martin Keown
44%
2000 DF Martin Keown
44%
2008 DF Wes Brown
44%
2006 MF Owen Hargreaves
43%
1990 MF David Platt
42%
1991 MF David Platt
42%
1992 MF David Platt
42%
1993 MF David Platt
42%
1994 MF David Platt
42%
1995 MF David Platt
42%
2005 MF Joe Cole
42%
2006 MF Joe Cole
42%
2007 MF Joe Cole
42%
2015 MF Adam Lallana
41%
2016 MF Adam Lallana
41%
2012 DF Joleon Lescott
41%
1989 DF Stuart Pearce
41%
1990 DF Stuart Pearce
41%
1991 DF Stuart Pearce
41%
1992 DF Stuart Pearce
41%
1995 DF Stuart Pearce
41%
1996 DF Stuart Pearce
41%
1992 DF Carlton Palmer
40%
1993 MF Carlton Palmer
40%
1991 DF Lee Dixon
40%
1993 DF Lee Dixon
40%
2007 DF Micah Richards
40%
1994 DF Graeme Le Saux
39%
1995 DF Graeme Le Saux
39%
1997 DF Graeme Le Saux
39%
1998 DF Graeme Le Saux
39%
1993 DF Gary Pallister
37%
1994 DF Gary Pallister
37%
1995 DF Gary Pallister
37%
1993 ST Les Ferdinand
37%
2012 ST Andy Carroll
36%
1985 MF Chris Waddle
36%
1987 MF Chris Waddle
36%
1989 MF Chris Waddle
36%
1990 MF Chris Waddle
36%
1994 MF Darren Anderton
36%
1995 MF Darren Anderton
36%
1996 MF Darren Anderton
36%
1998 MF Darren Anderton
36%
2009 DF Matthew Upson
36%
2010 DF Matthew Upson
36%
2014 MF Ross Barkley
36%
2015 MF Ross Barkley
36%
2018/19 (LN) MF Ross Barkley
36%
2019 MF Ross Barkley
36%
1982 DF Terry Butcher
36%
1983 DF Terry Butcher
36%
1984 DF Terry Butcher
36%
1985 DF Terry Butcher
36%
1986 DF Terry Butcher
36%
1987 DF Terry Butcher
36%
1989 DF Terry Butcher
36%
1990 DF Terry Butcher
36%
2009 MF Aaron Lennon
35%
1977 MF Emlyn Hughes
35%
1978 DF Emlyn Hughes
35%
1983 MF Glenn Hoddle
35%
1985 MF Glenn Hoddle
35%
1986 MF Glenn Hoddle
35%
1987 MF Glenn Hoddle
35%
1988 MF Glenn Hoddle
35%
2019 DF Michael Keane
35%
1976 DF Mick Mills
34%
1978 DF Mick Mills
34%
1979 DF Mick Mills
34%
1981 DF Mick Mills
34%
1982 DF Mick Mills
34%
1986 ST Peter Beardsley
34%
1987 ST Peter Beardsley
34%
1988 ST Peter Beardsley
34%
1989 ST Peter Beardsley
34%
1994 ST Peter Beardsley
34%
2003 DF Wayne Bridge
34%
2007 DF Wayne Bridge
34%
2017 MF A. O.-Chamberlain
33%
2015 DF Nathaniel Clyne
33%
1991 MF David Batty
32%
1992 MF David Batty
32%
1998 MF David Batty
32%
1999 MF David Batty
32%
1999 MF Jamie Redknapp
32%
2018/19 (LN) DF Joe Gomez
32%
1977 MF Ray Wilkins
32%
1978 MF Ray Wilkins
32%
1979 MF Ray Wilkins
32%
1980 MF Ray Wilkins
32%
1981 MF Ray Wilkins
32%
1982 MF Ray Wilkins
32%
1984 MF Ray Wilkins
32%
1985 MF Ray Wilkins
32%
2000 MF Dennis Wise
30%
1983 MF Sammy Lee
29%
2021 DF Tyrone Mings
29%
1989 DF Des Walker
28%
1990 DF Des Walker
28%
1991 DF Des Walker
28%
1992 DF Des Walker
28%
1993 DF Des Walker
28%
2015 MF Fabian Delph
28%
1986 DF Gary Stevens
28%
1987 DF Gary Stevens
28%
1988 DF Gary Stevens
28%
1989 DF Gary Stevens
28%
1985 DF Viv Anderson
28%
2020 ST D. Calvert-Lewin
27%
1977 DF Phil Neal
27%
1978 DF Phil Neal
27%
1979 DF Phil Neal
27%
1980 DF Phil Neal
27%
1981 DF Phil Neal
27%
1983 DF Phil Neal
27%
1976 DF Phil Thompson
27%
1979 DF Phil Thompson
27%
1980 DF Phil Thompson
27%
1982 DF Phil Thompson
27%
2011 MF Stewart Downing
27%
2001 ST Andy Cole
26%
1980 DF Kenny Sansom
26%
1981 DF Kenny Sansom
26%
1982 DF Kenny Sansom
26%
1983 DF Kenny Sansom
26%
1984 DF Kenny Sansom
26%
1985 DF Kenny Sansom
26%
1986 DF Kenny Sansom
26%
1987 DF Kenny Sansom
26%
1988 DF Kenny Sansom
26%
2002 MF Trevor Sinclair
26%
1976 MF Gerry Francis
25%
1993 ST Ian Wright
25%
1997 ST Ian Wright
25%
1977 ST Trevor Francis
25%
1982 ST Trevor Francis
25%
1983 ST Trevor Francis
25%
1984 MF Mark Chamberlain
24%
1984 ST Mark Hateley
23%
1985 ST Mark Hateley
23%
2001 MF Nick Barmby
22%
1986 MF Peter Reid
22%
2017 DF Ryan Bertrand
22%
1986 MF Steve Hodge
22%
1976 MF Trevor Brooking
22%
1978 MF Trevor Brooking
22%
1979 MF Trevor Brooking
22%
1980 MF Trevor Brooking
22%
1977 DF Dave Watson
21%
1978 DF Dave Watson
21%
1979 DF Dave Watson
21%
1980 DF Dave Watson
21%
2015 DF Phil Jones
21%
1991 MF Geoff Thomas
20%
2011 MF Scott Parker
20%
2012 MF Scott Parker
20%
1989 MF Neil Webb
19%
1981 ST Paul Mariner
19%
1982 ST Paul Mariner
19%
1984 DF Terry Fenwick
19%
1985 DF Terry Fenwick
19%
1986 DF Terry Fenwick
19%
1976 MF Ray Kennedy
18%
1977 MF Ray Kennedy
18%
1978 MF Steve Coppell
18%
1979 MF Steve Coppell
18%
1980 MF Steve Coppell
18%
1981 MF Steve Coppell
18%
1982 MF Steve Coppell
18%
1980 ST Tony Woodcock
18%
1984 ST Tony Woodcock
18%
2002 DF Danny Mills
17%
2017 MF Jake Livermore
16%
1980 MF Terry McDermott
16%
1981 MF Terry McDermott
16%
1992 MF Andy Sinton
15%
1982 MF Graham Rix
15%
1976 ST Mick Channon
15%
1977 ST Mick Channon
15%
1983 DF Gary Mabbutt
14%
1986 MF Trevor Steven
14%
1988 MF Trevor Steven
14%
1992 MF Trevor Steven
14%
1981 DF Russell Osman
13%
1976 ST Stuart Pearson
12%
1977 DF Brian Greenhoff
11%
1978 ST Bob Latchford
10%
1979 ST Bob Latchford
10%
1983 ST Luther Blissett
10%
1976 DF Trevor Cherry
10%
1977 DF Trevor Cherry
10%
1976 DF Colin Todd
9%
1983 MF Gordon Cowans
9%
1984 DF Mike Duxbury
9%
2007 MF S. Wright-Phillips
1%
No matching quizzes found
Score Distribution
Percent of People with Each Score
Percentile by Number Answered
Your Score History
You have not taken this quiz since the last reset